[Event "FIDE Open World Blitz 2021"]
[Site "Warsaw"]
[Date "2021.12.29"]
[Round "4.4"]
[White "Sankalp, Gupta"]
[Black "Gagunashvili, Merab"]
[Result "0-1"]
[WhiteElo "2323"]
[BlackElo "2575"]
[Annotator "ChessBase"]
[PlyCount "90"]
[EventDate "2021.12.29"]
[EventType "swiss"]
[EventCountry "POL"]
[Tiebreak "Cut1 Buchholz"]
[SourceTitle "playchess.com"]
[Source "ChessBase"]
[SourceQuality "1"]

1. d4 d5 2. Nf3 Nf6 3. c3 g6 4. Bf4 Bg7 5. e3 c5 6. Nbd2 Qb6 7. Qb3 c4 8. Qxb6
axb6 9. a3 b5 10. Rc1 Nc6 11. h3 O-O 12. Be2 h6 13. g4 Nd7 14. e4 dxe4 15. Nxe4
e5 16. dxe5 Ndxe5 17. Nxe5 Nxe5 18. Nd6 Bd7 19. O-O Bc6 20. Rcd1 Rfd8 21. Rd2
Rd7 22. Rfd1 Rad8 23. a4 Nf3+ 24. Bxf3 Bxf3 25. Re1 bxa4 26. Nxc4 Rxd2 27. Nxd2
Bc6 28. Nc4 b5 29. Nd6 Bf8 30. Ne4 Bg7 31. Nd6 Rd7 32. Re8+ Kh7 33. Rc8 Bf3 34.
Nxb5 Rd1+ 35. Kh2 g5 36. Bb8 Rb1 37. Nd4 Bb7 38. Rd8 Rxb2 39. Kg3 Be4 40. Bd6
a3 41. Rd7 a2 42. Ra7 Bd5 43. Nf5 Bxc3 44. Ne3 Be1 45. Nxd5 Bxf2+ 0-1

[Event "FIDE Open World Blitz 2021"]
[Site "Warsaw"]
[Date "2021.12.29"]
[Round "4.5"]
[White "Nakamura, Hikaru"]
[Black "Puranik, Abhimanyu"]
[Result "1/2-1/2"]
[WhiteElo "2736"]
[BlackElo "2604"]
[Annotator "ChessBase"]
[PlyCount "113"]
[EventDate "2021.12.29"]
[EventType "swiss"]
[EventCountry "POL"]
[Tiebreak "Cut1 Buchholz"]
[SourceTitle "playchess.com"]
[Source "ChessBase"]
[SourceQuality "1"]

1. Nf3 Nf6 2. e3 g6 3. c4 Bg7 4. d4 d6 5. b3 O-O 6. Bb2 Nbd7 7. Be2 e5 8. dxe5
Ng4 9. Nc3 Ngxe5 10. O-O Re8 11. Qd2 Nxf3+ 12. Bxf3 Ne5 13. Be2 Be6 14. Rfd1 h5
15. Nd5 h4 16. h3 a5 17. Rac1 a4 18. b4 a3 19. Ba1 Bxd5 20. cxd5 Nd7 21. Bxg7
Kxg7 22. Bb5 Re7 23. Bxd7 Rxd7 24. Rc4 Qf6 25. Rdc1 Re7 26. Rxc7 Rxc7 27. Rxc7
Qb2 28. Rc2 Qa1+ 29. Qc1 Qe5 30. Rd2 Ra4 31. Rd4 Ra8 32. Qc3 g5 33. Kf1 Kh6 34.
Rd3 Qf5 35. e4 Qxe4 36. Kg1 Re8 37. Rd1 Qe5 38. Qxa3 Qe2 39. Qb3 Re5 40. Rf1
Qd2 41. Qf3 Qxd5 42. Qf6+ Kh7 43. a4 Rf5 44. Qe7 b6 45. Qc7 Qd4 46. a5 bxa5 47.
bxa5 g4 48. hxg4 Qxg4 49. Qc3 Rg5 50. Qd3+ Rg6 51. g3 hxg3 52. fxg3 Qxg3+ 53.
Qxg3 Rxg3+ 54. Kh2 Ra3 55. Rxf7+ Kg6 56. Rd7 Rxa5 57. Rxd6+ 1/2-1/2

[Event "FIDE Open World Blitz 2021"]
[Site "Warsaw"]
[Date "2021.12.29"]
[Round "4.5"]
[White "Aditya, Mittal"]
[Black "Muradli, Mahammad"]
[Result "0-1"]
[WhiteElo "2245"]
[BlackElo "2571"]
[Annotator "ChessBase"]
[PlyCount "85"]
[EventDate "2021.12.29"]
[EventType "swiss"]
[EventCountry "POL"]
[Tiebreak "Cut1 Buchholz"]
[SourceTitle "playchess.com"]
[Source "ChessBase"]
[SourceQuality "1"]

1. d4 Nf6 2. c4 g6 3. Nc3 Bg7 4. e4 d6 5. Be2 O-O 6. Be3 c5 7. d5 e6 8. Nf3
exd5 9. cxd5 Re8 10. Nd2 Na6 11. O-O Nc7 12. a4 a6 13. Qc2 Rb8 14. a5 Bd7 15.
Bf4 Nb5 16. Nxb5 Bxb5 17. Bxb5 axb5 18. a6 bxa6 19. Rxa6 Rb6 20. Rfa1 Ng4 21.
h3 Ne5 22. Be3 Rxa6 23. Rxa6 c4 24. Bd4 Nd3 25. Bxg7 Kxg7 26. Qc3+ Kg8 27. Qd4
Qg5 28. Nf1 Nf4 29. Ng3 Qxg3 30. fxg3 Ne2+ 31. Kf2 Nxd4 32. Ke3 Nc2+ 33. Kd2
Nb4 34. Rxd6 Rxe4 35. Kc3 Na2+ 36. Kd2 b4 37. Rc6 c3+ 38. bxc3 bxc3+ 39. Kd3
Nb4+ 40. Kxe4 Nxc6 41. Kd3 Nb4+ 42. Kxc3 Nxd5+ 43. Kd4 0-1

[Event "FIDE Open World Blitz 2021"]
[Site "Warsaw"]
[Date "2021.12.29"]
[Round "4.6"]
[White "Vidit, Santosh Gujrathi"]
[Black "Vachier-Lagrave, Maxime"]
[Result "1-0"]
[WhiteElo "2727"]
[BlackElo "2766"]
[Annotator "ChessBase"]
[PlyCount "89"]
[EventDate "2021.12.29"]
[EventType "swiss"]
[EventCountry "POL"]
[Tiebreak "Cut1 Buchholz"]
[SourceTitle "playchess.com"]
[Source "ChessBase"]
[SourceQuality "1"]

1. Nf3 d5 2. d4 Nf6 3. c4 dxc4 4. e3 e6 5. Bxc4 c5 6. O-O a6 7. a3 Nbd7 8. dxc5
Bxc5 9. b4 Be7 10. Bb2 b5 11. Bd3 Bb7 12. Qe2 O-O 13. Rd1 Qc7 14. Nbd2 Rac8 15.
h3 Rfd8 16. Rac1 Qb8 17. Nb3 Rxc1 18. Rxc1 Bxf3 19. Qxf3 Ne5 20. Bxe5 Qxe5 21.
Nd4 Bd6 22. g3 Qd5 23. Qxd5 Nxd5 24. Be4 Nc7 25. Nc6 Rd7 26. Rd1 Kf8 27. Na7
Rd8 28. Bb7 Be7 29. Rc1 Bd6 30. Rc6 Ke8 31. Bxa6 Kd7 32. Bb7 Rb8 33. Rb6 Nd5
34. Bc6+ Kd8 35. Rxb8+ Bxb8 36. Nxb5 Nb6 37. Kf1 Be5 38. Ke2 Nc4 39. Kd3 Nb2+
40. Kc2 Nc4 41. a4 Nd6 42. Nxd6 Bxd6 43. Kc3 Kc7 44. Be8 f6 45. a5 1-0

[Event "FIDE Open World Blitz 2021"]
[Site "Warsaw"]
[Date "2021.12.29"]
[Round "4.6"]
[White "Thybo, Jesper Sondergaard"]
[Black "Van Foreest, Jorden"]
[Result "0-1"]
[WhiteElo "2195"]
[BlackElo "2566"]
[Annotator "ChessBase"]
[PlyCount "112"]
[EventDate "2021.12.29"]
[EventType "swiss"]
[EventCountry "POL"]
[Tiebreak "Cut1 Buchholz"]
[SourceTitle "playchess.com"]
[Source "ChessBase"]
[SourceQuality "1"]

1. d4 d5 2. c4 e6 3. Nf3 Nf6 4. g3 Bb4+ 5. Bd2 Be7 6. Bg2 O-O 7. O-O a5 8. Qc2
c6 9. Bf4 Nbd7 10. Rd1 Nh5 11. Bc1 Nhf6 12. Bf4 b6 13. b3 Ba6 14. Nbd2 Nh5 15.
Be3 Rc8 16. Ne5 Qc7 17. Nxd7 Qxd7 18. Nf3 Nf6 19. Bf4 Rfd8 20. Ne5 Qe8 21. Qb2
Qf8 22. a3 h6 23. h4 Ne4 24. Bxe4 dxe4 25. h5 Bb7 26. b4 axb4 27. axb4 Ra8 28.
c5 b5 29. Rxa8 Rxa8 30. Ra1 Qd8 31. Rxa8 Qxa8 32. Qb1 Qa4 33. Qxe4 Bf6 34. Nd3
Qa1+ 35. Kg2 Qxd4 36. Qxd4 Bxd4 37. Be5 Bxe5 38. Nxe5 f6 39. Nf3 e5 40. Nd2 Bc8
41. f3 Kf7 42. e4 f5 43. exf5 Bxf5 44. g4 Be6 45. Ne4 Bd5 46. Nd6+ Ke6 47. Kg3
Bb3 48. f4 exf4+ 49. Kxf4 Bc2 50. Ne8 Kf7 51. Nd6+ Kf6 52. Ne8+ Kf7 53. Nd6+
Ke6 54. Ne8 g5+ 55. hxg6 Bxg6 56. Nd6 Kd5 0-1

[Event "FIDE Open World Blitz 2021"]
[Site "Warsaw"]
[Date "2021.12.29"]
[Round "4.7"]
[White "Giri, Anish"]
[Black "Matlakov, Maxim"]
[Result "1/2-1/2"]
[WhiteElo "2774"]
[BlackElo "2614"]
[Annotator "TA"]
[PlyCount "46"]
[EventDate "2021.12.29"]
[EventType "swiss"]
[EventCountry "POL"]
[Tiebreak "Cut1 Buchholz"]
[SourceTitle "playchess.com"]
[Source "ChessBase"]
[SourceQuality "1"]

1. Nf3 d5 2. g3 Nf6 3. Bg2 e6 4. O-O Be7 5. c4 O-O 6. b3 b6 7. cxd5 Nxd5 8. Bb2
Bb7 9. d4 Nd7 10. Nbd2 c5 11. dxc5 Bxc5 12. Nc4 Qe7 13. Rc1 Rfd8 14. Qd3 Rac8
15. Qb1 h6 16. Nce5 Nxe5 17. Bxe5 Ba3 18. Bb2 Nf6 19. Rxc8 Rxc8 20. Rc1 Rxc1+
21. Qxc1 Bxb2 22. Qxb2 Qc5 23. Ne5 Bxg2 1/2-1/2

[Event "FIDE Open World Blitz 2021"]
[Site "Warsaw"]
[Date "2021.12.29"]
[Round "4.7"]
[White "Kantor, Gergely"]
[Black "Firouzja, Alireza"]
[Result "0-1"]
[WhiteElo "2566"]
[BlackElo "2770"]
[Annotator "ChessBase"]
[PlyCount "88"]
[EventDate "2021.12.29"]
[EventType "swiss"]
[EventCountry "POL"]
[Tiebreak "Cut1 Buchholz"]
[SourceTitle "playchess.com"]
[Source "ChessBase"]
[SourceQuality "1"]

1. d4 Nf6 2. c4 g6 3. Nc3 Bg7 4. e4 d6 5. h3 O-O 6. Be3 e5 7. d5 Na6 8. g4 Nc5
9. f3 c6 10. b4 Na6 11. a3 cxd5 12. cxd5 Bd7 13. Qd2 Rc8 14. Nge2 h5 15. Bg5 h4
16. Qd3 Nc7 17. Bxh4 a5 18. b5 Na8 19. Bg5 Qc7 20. h4 Nh7 21. Be3 Qd8 22. h5
Ng5 23. Bg2 Nb6 24. a4 Nc4 25. Bc1 Bf6 26. Ra2 Kg7 27. Ng3 Rh8 28. Rc2 Rc5 29.
Nd1 Qc7 30. Ke2 Rc8 31. hxg6 fxg6 32. Nf2 Qd8 33. Nf1 Nb2 34. Rxc5 Nxd3 35.
Rxc8 Qxc8 36. Nxd3 Qc2+ 37. Bd2 Qxa4 38. Ne3 Bxb5 39. Rb1 Ba6 40. Rc1 Qd4 41.
Rc3 Nf7 42. Nc2 Qg1 43. Nce1 Bh4 44. Ra3 Bxe1 0-1

[Event "FIDE Open World Blitz 2021"]
[Site "Warsaw"]
[Date "2021.12.29"]
[Round "4.8"]
[White "Caruana, Fabiano"]
[Black "Tazbir, Marcin"]
[Result "1-0"]
[WhiteElo "2791"]
[BlackElo "2508"]
[Annotator "TA"]
[PlyCount "47"]
[EventDate "2021.12.29"]
[EventType "swiss"]
[EventCountry "POL"]
[Tiebreak "Cut1 Buchholz"]
[SourceTitle "playchess.com"]
[Source "ChessBase"]
[SourceQuality "1"]

1. e4 c5 2. Nf3 d6 3. Bb5+ Nd7 4. d4 cxd4 5. Qxd4 a6 6. Be2 Ngf6 7. O-O e5 8.
Qe3 Be7 9. c4 O-O 10. Nc3 Nc5 11. Rd1 Qc7 12. h3 Bd7 13. b4 Ne6 14. Bb2 Rfc8
15. Rac1 Qd8 16. Bf1 Qe8 17. Nd5 Nxd5 18. exd5 Nf4 19. c5 Ba4 20. Re1 Nxd5 21.
Qd2 Bc6 22. Bc4 Nf6 23. cxd6 e4 24. Ne5 1-0

[Event "FIDE Open World Blitz 2021"]
[Site "Warsaw"]
[Date "2021.12.29"]
[Round "4.8"]
[White "Ter-Sahakyan, Samvel"]
[Black "Erigaisi Arjun"]
[Result "1-0"]
[WhiteElo "2565"]
[BlackElo "2627"]
[Annotator "ChessBase"]
[PlyCount "95"]
[EventDate "2021.12.29"]
[EventType "swiss"]
[EventCountry "POL"]
[Tiebreak "Cut1 Buchholz"]
[SourceTitle "playchess.com"]
[Source "ChessBase"]
[SourceQuality "1"]

1. e4 e5 2. Nf3 Nc6 3. Bb5 a6 4. Ba4 Nf6 5. O-O Be7 6. Re1 b5 7. Bb3 O-O 8. a4
Bb7 9. d3 d6 10. Nbd2 Na5 11. Ba2 c5 12. Nf1 b4 13. Ng3 Bc8 14. c3 Rb8 15. d4
Qc7 16. cxb4 cxb4 17. Bg5 b3 18. Rc1 Qb6 19. Bb1 Nc6 20. d5 Nd4 21. Nxd4 Qxd4
22. Qxd4 exd4 23. Bd2 Ng4 24. Ne2 Bf6 25. h3 Nh6 26. g4 g5 27. Bd3 Bxg4 28.
hxg4 Nxg4 29. Bxa6 d3 30. Nc3 Bd4 31. Rf1 Ne5 32. Kg2 f5 33. Be3 Bxe3 34. fxe3
f4 35. exf4 gxf4 36. Rcd1 f3+ 37. Kf2 Ng4+ 38. Kg3 Ne3 39. Rxf3 Nxd1 40. Nxd1
d2 41. Kf2 Rb4 42. Bb5 Rxe4 43. Rxf8+ Kxf8 44. a5 Rb4 45. Bc6 Rf4+ 46. Ke3 Rf1
47. Kxd2 Ke7 48. a6 1-0

[Event "FIDE Open World Blitz 2021"]
[Site "Warsaw"]
[Date "2021.12.29"]
[Round "4.9"]
[White "Grischuk, Alexander"]
[Black "Demidov, Mikhail"]
[Result "1-0"]
[WhiteElo "2773"]
[BlackElo "2592"]
[Annotator "TA"]
[PlyCount "77"]
[EventDate "2021.12.29"]
[EventType "swiss"]
[EventCountry "POL"]
[Tiebreak "Cut1 Buchholz"]
[SourceTitle "playchess.com"]
[Source "ChessBase"]
[SourceQuality "1"]

1. e4 g6 2. d4 Bg7 3. Nf3 d6 4. Bd3 Nc6 5. O-O Nf6 6. Re1 O-O 7. d5 Nb4 8. Bf1
a5 9. h3 c6 10. c4 cxd5 11. cxd5 Nd7 12. Nc3 Nc5 13. Be3 Bd7 14. Bd4 Bxd4 15.
Nxd4 Qb6 16. Re3 Rfc8 17. Rb1 a4 18. a3 Nba6 19. h4 Nb3 20. Nxb3 Qxb3 21. Qd2
Qb6 22. h5 Nc5 23. Rg3 Nb3 24. Qg5 Qd4 25. Qxe7 Be8 26. Qxd6 Nd2 27. Re1 b5 28.
Qf4 Nb3 29. Rd1 Qb6 30. e5 Nc5 31. e6 fxe6 32. dxe6 Nxe6 33. Qe5 Bf7 34. Nd5
Qc5 35. Nf6+ Kg7 36. h6+ Kxh6 37. Rh3+ Kg7 38. Rxh7+ Kf8 39. Nd7+ 1-0

[Event "FIDE Open World Blitz 2021"]
[Site "Warsaw"]
[Date "2021.12.29"]
[Round "4.9"]
[White "Ghaem Maghami, Ehsan"]
[Black "Carlsson, Pontus"]
[Result "1-0"]
[WhiteElo "2520"]
[BlackElo "2457"]
[Annotator "ChessBase"]
[PlyCount "97"]
[EventDate "2021.12.29"]
[EventType "swiss"]
[EventCountry "POL"]
[Tiebreak "Cut1 Buchholz"]
[SourceTitle "playchess.com"]
[Source "ChessBase"]
[SourceQuality "1"]

1. c4 e5 2. Nc3 Bb4 3. Nd5 Bc5 4. Nf3 c6 5. Nc3 d6 6. e3 Bb4 7. Qc2 Nf6 8. a3
Bxc3 9. Qxc3 O-O 10. d3 c5 11. b3 Nc6 12. Bb2 Re8 13. Be2 Bg4 14. O-O b6 15.
Rfe1 h6 16. Rad1 Rc8 17. b4 Qe7 18. h3 Bh5 19. Qd2 Rcd8 20. Bc3 Qc7 21. Qb2 Qe7
22. b5 Nb8 23. a4 Nbd7 24. a5 Rb8 25. Ra1 Rb7 26. Ra4 d5 27. cxd5 Nxd5 28. axb6
axb6 29. Bd2 Nf8 30. Rea1 Qc7 31. Ra8 Rbb8 32. R8a7 Qd6 33. Qb3 Rbd8 34. Be1
Nf6 35. Rd1 Qe6 36. Qb2 Nd5 37. Rc1 Qd6 38. Bd1 Nf6 39. Bb3 Bxf3 40. gxf3 Re7
41. Rxe7 Qxe7 42. Bc3 Ng6 43. Bc4 Nh4 44. Kf1 Qd7 45. Ke1 Nxf3+ 46. Ke2 Qxh3
47. Bxe5 Qg4 48. Bxf6 Ne5+ 49. Kf1 1-0

[Event "FIDE Open World Blitz 2021"]
[Site "Warsaw"]
[Date "2021.12.29"]
[Round "4.10"]
[White "Santos Latasa, Jaime"]
[Black "Mamedyarov, Shakhriyar"]
[Result "0-1"]
[WhiteElo "2561"]
[BlackElo "2765"]
[Annotator "ChessBase"]
[PlyCount "67"]
[EventDate "2021.12.29"]
[EventType "swiss"]
[EventCountry "POL"]
[Tiebreak "Cut1 Buchholz"]
[SourceTitle "playchess.com"]
[Source "ChessBase"]
[SourceQuality "1"]

1. Nf3 d5 2. g3 g6 3. Bg2 Bg7 4. d4 Nf6 5. O-O O-O 6. c4 c6 7. b3 Ne4 8. Bb2 a5
9. Nc3 Bf5 10. e3 Na6 11. Nh4 Nxc3 12. Bxc3 Be6 13. cxd5 Bxd5 14. e4 Be6 15.
Qd2 a4 16. bxa4 Nc7 17. Qc2 b5 18. axb5 Nxb5 19. e5 Nxd4 20. Qe4 Nb5 21. Qxc6
Nxc3 22. Qxc3 Rxa2 23. Rxa2 Bxa2 24. f4 Qb6+ 25. Kh1 Rd8 26. Nf3 e6 27. Ng5 Bf8
28. Ne4 Kg7 29. h4 h5 30. Kh2 Be7 31. Qc2 Bd5 32. Rd1 Ra8 33. Qf2 Qb3 34. Nd2
0-1

[Event "FIDE Open World Blitz 2021"]
[Site "Warsaw"]
[Date "2021.12.29"]
[Round "4.10"]
[White "Janik, Igor"]
[Black "Jobava, Baadur"]
[Result "1/2-1/2"]
[WhiteElo "2508"]
[BlackElo "2582"]
[Annotator "ChessBase"]
[PlyCount "66"]
[EventDate "2021.12.29"]
[EventType "swiss"]
[EventCountry "POL"]
[Tiebreak "Cut1 Buchholz"]
[SourceTitle "playchess.com"]
[Source "ChessBase"]
[SourceQuality "1"]

1. e4 e6 2. Qe2 Ne7 3. d4 d5 4. Nf3 Nbc6 5. c3 b6 6. Bg5 Bb7 7. Nbd2 Qd7 8.
exd5 exd5 9. O-O-O f6 10. Bf4 O-O-O 11. h4 h5 12. g3 Kb8 13. Bh3 Nf5 14. Rde1
g6 15. Qe6 Qxe6 16. Rxe6 Bg7 17. Bxf5 gxf5 18. Rhe1 Kc8 19. b4 a6 20. a4 Rh7
21. Nf1 Bh8 22. Ne3 Ne7 23. a5 bxa5 24. bxa5 Kd7 25. Nc2 Nc6 26. R6e2 Nxa5 27.
Nb4 Bc6 28. Nd3 Nb7 29. Rb2 Bb5 30. Nb4 Kc8 31. Re6 a5 32. Nc2 c6 33. Re1 Rg7
1/2-1/2

[Event "FIDE Open World Blitz 2021"]
[Site "Warsaw"]
[Date "2021.12.29"]
[Round "4.11"]
[White "Aronian, Levon"]
[Black "Christiansen, Johan-Sebastian"]
[Result "1-0"]
[WhiteElo "2782"]
[BlackElo "2593"]
[Annotator "TA"]
[PlyCount "111"]
[EventDate "2021.12.29"]
[EventType "swiss"]
[EventCountry "POL"]
[Tiebreak "Cut1 Buchholz"]
[SourceTitle "playchess.com"]
[Source "ChessBase"]
[SourceQuality "1"]

1. e4 e5 2. Nf3 Nc6 3. Bc4 Nf6 4. d3 Be7 5. Nc3 O-O 6. O-O d6 7. a3 Bg4 8. h3
Bh5 9. Be3 Nd4 10. Bxd4 exd4 11. Nd5 Nxd5 12. Bxd5 c6 13. Ba2 Bxf3 14. Qxf3 Qb6
15. Rab1 a5 16. a4 Qc5 17. Bb3 b5 18. Ra1 Bf6 19. Qg4 Ra7 20. f4 Rb8 21. Kh1 h5
22. Qg3 Re8 23. Qe1 h4 24. axb5 Qxb5 25. Ra4 Qc5 26. Qd1 Rb8 27. Qg4 Kf8 28.
Rc4 Qb6 29. Qf5 Re7 30. Qh7 Ke8 31. Ba4 Rc8 32. Qf5 Kd8 33. Bb3 Qb5 34. Qg4 Ra8
35. Ra1 Qb6 36. Qf5 Qb5 37. Qh7 Qb6 38. Qg8+ Re8 39. Qxf7 Ra7 40. Qg6 Ree7 41.
Qg4 Qb7 42. Rca4 Qb6 43. Kh2 Qc7 44. Qf5 c5 45. Qd5 Qb6 46. Bc4 g5 47. fxg5
Be5+ 48. Kh1 Rg7 49. b4 Rxg5 50. Rxa5 Rxa5 51. Rxa5 Kc7 52. Ra6 Qxb4 53. Qc6+
Kd8 54. Ra8+ Ke7 55. Qe8+ Kf6 56. Qf7# 1-0

[Event "FIDE Open World Blitz 2021"]
[Site "Warsaw"]
[Date "2021.12.29"]
[Round "4.11"]
[White "Anton Guijarro, David"]
[Black "Gukesh D"]
[Result "0-1"]
[WhiteElo "2669"]
[BlackElo "2621"]
[Annotator "ChessBase"]
[PlyCount "84"]
[EventDate "2021.12.29"]
[EventType "swiss"]
[EventCountry "POL"]
[Tiebreak "Cut1 Buchholz"]
[SourceTitle "playchess.com"]
[Source "ChessBase"]
[SourceQuality "1"]

1. Nf3 d5 2. c4 e6 3. g3 Nf6 4. Bg2 Be7 5. O-O O-O 6. b3 d4 7. e3 c5 8. Ne5 Qc7
9. f4 Nbd7 10. Nd3 e5 11. Bb2 Rd8 12. Na3 a6 13. Nc2 exf4 14. Nxf4 Ne5 15. exd4
cxd4 16. Kh1 Bg4 17. Qe1 Bc5 18. b4 Nxc4 19. bxc5 Nxb2 20. Rb1 Nc4 21. Rxb7
Qxc5 22. Nd3 Qd6 23. Rf4 Re8 24. Qg1 Nxd2 25. Rxd4 Qf8 26. Nde1 Nde4 27. Rb3
Rac8 28. Re3 Ng5 29. h4 Ne6 30. Ra4 Bf5 31. Nb4 Ng4 32. Re2 Nd4 33. Rxe8 Qxe8
34. Ra3 Ne2 35. Qf1 Rc1 36. Qxf5 Rxe1+ 37. Bf1 Qa8+ 38. Nd5 Rxf1+ 39. Qxf1
Qxd5+ 40. Qf3 Qd1+ 41. Kg2 Qg1+ 42. Kh3 Nf2+ 0-1

[Event "FIDE Open World Blitz 2021"]
[Site "Warsaw"]
[Date "2021.12.29"]
[Round "4.12"]
[White "Riazantsev, Alexander"]
[Black "Fedoseev, Vladimir"]
[Result "0-1"]
[WhiteElo "2634"]
[BlackElo "2704"]
[Annotator "ChessBase"]
[PlyCount "108"]
[EventDate "2021.12.29"]
[EventType "swiss"]
[EventCountry "POL"]
[Tiebreak "Cut1 Buchholz"]
[SourceTitle "playchess.com"]
[Source "ChessBase"]
[SourceQuality "1"]

1. d4 Nf6 2. Nf3 e6 3. c4 h6 4. Qc2 c5 5. Nc3 cxd4 6. Nxd4 Bc5 7. Nb3 Be7 8. g3
Qc7 9. e4 a6 10. Be3 d6 11. h3 b6 12. Nd2 Bb7 13. Bg2 Nbd7 14. O-O O-O 15. Rac1
Rfc8 16. Qb1 Qb8 17. b3 Bc6 18. a4 Ra7 19. Rfe1 Rac7 20. Bd4 b5 21. axb5 axb5
22. Nd5 Bxd5 23. cxd5 e5 24. Be3 Bd8 25. Bf1 Rxc1 26. Rxc1 Rxc1 27. Qxc1 Ba5
28. Qc2 Bb4 29. Qd3 Bxd2 30. Bxd2 Nc5 31. Qxb5 Qxb5 32. Bxb5 Nxb3 33. Bb4 Nxe4
34. Bd3 Nec5 35. Bb1 Kf8 36. h4 Ke7 37. h5 Nd7 38. f3 Nf6 39. g4 Nxd5 40. Ba3
Nd4 41. Kg2 Nc3 42. Bd3 Nce2 43. Bc4 Nf4+ 44. Kg3 f6 45. Ba6 Kd7 46. Bc4 Nde6
47. Bb3 d5 48. Bc2 d4 49. Kf2 Kc6 50. Be4+ Kb5 51. Ke1 Nc5 52. Bf5 Nd5 53. Kd2
Ne3 54. Bc1 Nxf5 0-1

[Event "FIDE Open World Blitz 2021"]
[Site "Warsaw"]
[Date "2021.12.29"]
[Round "4.12"]
[White "Costachi, Mihnea"]
[Black "Karjakin, Sergey"]
[Result "0-1"]
[WhiteElo "2463"]
[BlackElo "2743"]
[Annotator "ChessBase"]
[PlyCount "84"]
[EventDate "2021.12.29"]
[EventType "swiss"]
[EventCountry "POL"]
[Tiebreak "Cut1 Buchholz"]
[SourceTitle "playchess.com"]
[Source "ChessBase"]
[SourceQuality "1"]

1. d4 Nf6 2. c4 e6 3. Nf3 b6 4. g3 Ba6 5. Qc2 Bb4+ 6. Bd2 Be7 7. Bg2 d5 8. cxd5
exd5 9. Nc3 O-O 10. O-O Nbd7 11. Rfe1 Bb7 12. Rac1 Re8 13. Bf4 c6 14. Ne5 Nf8
15. e4 Ne6 16. Be3 Rc8 17. exd5 cxd5 18. Bh3 Bd6 19. Qa4 a6 20. a3 b5 21. Qd1
Rc7 22. Bg2 Qa8 23. f4 b4 24. axb4 Bxb4 25. Bd2 Nxd4 26. Na4 Rxc1 27. Qxc1 Nb3
28. Qc7 Re7 29. Qb6 Bxd2 30. Re2 d4 31. Qxb3 Be3+ 32. Kh1 Bxg2+ 33. Rxg2 Rc7
34. h3 h5 35. Nc5 h4 36. Ncd3 hxg3 37. h4 Ne4 38. h5 Nf2+ 39. Nxf2 Bxf2 40. Qd1
Qe4 41. h6 Qxf4 42. hxg7 Qh6+ 0-1

[Event "FIDE Open World Blitz 2021"]
[Site "Warsaw"]
[Date "2021.12.29"]
[Round "4.13"]
[White "Onyshchuk, Volodymyr"]
[Black "Suleymanli, Aydin"]
[Result "1-0"]
[WhiteElo "2622"]
[BlackElo "2541"]
[Annotator "ChessBase"]
[PlyCount "92"]
[EventDate "2021.12.29"]
[EventType "swiss"]
[EventCountry "POL"]
[Tiebreak "Cut1 Buchholz"]
[SourceTitle "playchess.com"]
[Source "ChessBase"]
[SourceQuality "1"]

1. e4 c6 2. d4 d5 3. Nc3 dxe4 4. Nxe4 Bf5 5. Ng3 Bg6 6. c3 e6 7. Nh3 Bd6 8. Nf4
Qh4 9. Nge2 Nd7 10. g3 Qe7 11. Bg2 Ngf6 12. a4 Bf5 13. a5 a6 14. O-O h5 15. h3
g5 16. Nd3 g4 17. h4 Qd8 18. Bf4 Bxf4 19. Nexf4 Qc7 20. b4 Rd8 21. Re1 Kf8 22.
Qd2 Kg7 23. Qe3 Rh6 24. c4 Qd6 25. Rad1 Bh7 26. b5 axb5 27. cxb5 Ra8 28. a6
bxa6 29. bxc6 Nb6 30. Ne5 Bf5 31. Rc1 a5 32. Qb3 Qc7 33. Nc4 Nxc4 34. Rxc4 Rb8
35. Qc3 Rb5 36. d5 Kh7 37. dxe6 fxe6 38. Nxe6 Bxe6 39. Rxe6 Kg7 40. Qe3 Kf7 41.
Qxh6 Kxe6 42. Qg6 Re5 43. Kh2 Re2 44. Rf4 Qe5 45. c7 Rc2 46. Re4 Kd5 1-0

[Event "FIDE Open World Blitz 2021"]
[Site "Warsaw"]
[Date "2021.12.29"]
[Round "4.13"]
[White "Sindarov, Javokhir"]
[Black "Alekseenko, Kirill"]
[Result "1-0"]
[WhiteElo "2587"]
[BlackElo "2710"]
[Annotator "ChessBase"]
[PlyCount "75"]
[EventDate "2021.12.29"]
[EventType "swiss"]
[EventCountry "POL"]
[Tiebreak "Cut1 Buchholz"]
[SourceTitle "playchess.com"]
[Source "ChessBase"]
[SourceQuality "1"]

1. e4 e5 2. Nf3 Nc6 3. Bc4 Bc5 4. b4 Bxb4 5. c3 Ba5 6. d4 d6 7. Qb3 Qd7 8. O-O
Bb6 9. Nbd2 Na5 10. Qc2 Ne7 11. dxe5 O-O 12. exd6 cxd6 13. Ba3 Qc7 14. Bd3 h6
15. Rfe1 Be6 16. Nd4 Bc5 17. Bxc5 Qxc5 18. N2b3 Nxb3 19. axb3 a6 20. b4 Qe5 21.
Ra5 b5 22. Qd2 Ng6 23. Rea1 d5 24. Bxb5 dxe4 25. Bc6 Qf6 26. Bxa8 Rxa8 27. Rxa6
Rxa6 28. Rxa6 Nf4 29. Nxe6 fxe6 30. Qe3 Qg5 31. Ra8+ Kf7 32. Ra7+ Kg8 33. Qxe4
Nh3+ 34. Kf1 Qb5+ 35. Qe2 Qb8 36. Qxe6+ Kh8 37. Qe7 Qb5+ 38. Ke1 1-0

[Event "FIDE Open World Blitz 2021"]
[Site "Warsaw"]
[Date "2021.12.29"]
[Round "4.14"]
[White "Nguyen, Thai Dai Van"]
[Black "Tari, Aryan"]
[Result "0-1"]
[WhiteElo "2594"]
[BlackElo "2649"]
[Annotator "ChessBase"]
[PlyCount "68"]
[EventDate "2021.12.29"]
[EventType "swiss"]
[EventCountry "POL"]
[Tiebreak "Cut1 Buchholz"]
[SourceTitle "playchess.com"]
[Source "ChessBase"]
[SourceQuality "1"]

1. d4 d5 2. c4 e6 3. Nf3 Nf6 4. g3 Bd6 5. Bg2 O-O 6. O-O h6 7. Qc2 b6 8. cxd5
exd5 9. Nc3 c5 10. dxc5 bxc5 11. e4 Nc6 12. Nxd5 Nxd5 13. exd5 Nb4 14. Qb3 c4
15. Qxc4 Ba6 16. Qg4 Bxf1 17. Bxh6 Qf6 18. Bg5 Qxb2 19. Rxf1 Bc5 20. Bd2 Rad8
21. Bxb4 Bxb4 22. Nd4 Bc5 23. Nf5 Rfe8 24. h4 Qf6 25. h5 Re5 26. Be4 Rde8 27.
Bc2 Re2 28. Bb3 R8e5 29. Ne3 R5xe3 30. Qc8+ Bf8 31. fxe3 Qg5 32. Qh3 Qxe3+ 33.
Kh1 Qe4+ 34. Kg1 Bc5+ 0-1

[Event "FIDE Open World Blitz 2021"]
[Site "Warsaw"]
[Date "2021.12.29"]
[Round "4.14"]
[White "Quparadze, Giga"]
[Black "Oparin, Grigoriy"]
[Result "1/2-1/2"]
[WhiteElo "2475"]
[BlackElo "2580"]
[Annotator "ChessBase"]
[PlyCount "151"]
[EventDate "2021.12.29"]
[EventType "swiss"]
[EventCountry "POL"]
[Tiebreak "Cut1 Buchholz"]
[SourceTitle "playchess.com"]
[Source "ChessBase"]
[SourceQuality "1"]

1. e4 e5 2. Nf3 Nc6 3. Bb5 a6 4. Ba4 Nf6 5. O-O Nxe4 6. d4 b5 7. Bb3 d5 8. dxe5
Be6 9. Nbd2 Be7 10. c3 O-O 11. Bc2 f5 12. exf6 Nxf6 13. Re1 Bg4 14. h3 Bh5 15.
Nf1 Bc5 16. Be3 Bxe3 17. Rxe3 d4 18. cxd4 Bxf3 19. Rxf3 Nxd4 20. Rd3 c5 21. b4
Nd5 22. Bb3 Kh8 23. Bxd5 Qxd5 24. bxc5 Rad8 25. Rd2 Qxc5 26. Rc1 Qg5 27. Rc3
Ne6 28. Rxd8 Rxd8 29. Qf3 Nd4 30. Qe4 h6 31. h4 Qd5 32. Qxd5 Rxd5 33. Rc8+ Kh7
34. Ne3 Rd6 35. Rc7 a5 36. h5 a4 37. Rb7 Rc6 38. g4 Rc5 39. Kg2 Kg8 40. Kg3 Kf8
41. Kf4 Ne6+ 42. Kf3 Rc7 43. Rb6 Kf7 44. Nf5 Rc3+ 45. Ke4 Rc2 46. Nd6+ Kf6 47.
f4 Re2+ 48. Kf3 Rxa2 49. Nxb5 Ke7 50. Rb7+ Kd8 51. Nd6 Ra1 52. Nf7+ Ke8 53.
Nd6+ Kd8 54. f5 Ng5+ 55. Kf4 a3 56. f6 gxf6 57. Kf5 a2 58. Kg6 Rd1 59. Ra7 a1=Q
60. Rxa1 Rxa1 61. Nf5 Rg1 62. Nxh6 Ne4 63. Kf5 Nf2 64. Kxf6 Nxg4+ 65. Nxg4 Rxg4
66. h6 Rh4 67. Kg7 Ke7 68. h7 Rg4+ 69. Kh8 Rh4 70. Kg7 Rg4+ 71. Kh8 Rf4 72. Kg7
Rf7+ 73. Kg6 Rf6+ 74. Kg7 Rf7+ 75. Kg6 Rxh7 76. Kxh7 1/2-1/2